QCM - Stranger Things - Statistiques

Statistiques générales
  • Ce quiz a été pris 303 fois
  • Le résultat moyen est 12 sur 14
Statistiques - réponses
Question Réponse % Correct
Comment s’appelle la petite sœur de Mike et Nancy ? Holly
98%
Qui a été la petite amie de Steve ? Nancy
97%
De qui Barbara était la meilleure amie ? Nancy
97%
Comment s’appelait la fille biologique de Jim Hopper ? Sarah
97%
Quelles sont les armes de prédilection de Nancy ? Les armes à feu
95%
Quelle est la musique préférée de Max ? Running Up That Hill
95%
Avec qui Robin est-elle en couple ? Vickie
95%
Quelle créature du Monde à l’Envers tente d’arrêter Karen Wheeler pour protéger sa fille ? Le Demogorgon
89%
Qui harcèle Onze au lycée en Californie ? Angela
88%
Dans quel saison meurt Eddie ? Saison 4
88%
Qui Onze voit-elle comme sa sœur spirituelle ? Huit
87%
Comment s’appelle la mère d’Onze ? Terry
80%
Quelle créature du Monde à l’Envers possède Will ? Le Flagelleur Mental
71%
Nom de la créature du Monde à l’Envers que Joyce élimine Vecna
70%
Aucun quiz correspondant
Distribution des résultats
% des personnes avec chaque résultat
Percentile par nombre de réponses
Votre historique - résultats
Vous n’avez pas pris ce quiz